Flors / fotografies de Kim Castells ; Poesies completes de Joan Salvat - Papasseit
ISBN:
84-7794-776-7
Descripción Física:
281 p. : il. col. ; 30,2 x 27,4 cm
Colección:
Llibres d'abril
Otros Autores:
Castells, Kim, 1947-
Materias:
Flors -- Fotografies
MARC
| LEADER | 00000nam a2200000Ia 4500 | ||
|---|---|---|---|
| 001 | 13215 | ||
| 008 | 160829s9999 xx 000 0 cat d | ||
| 020 | |a 84-7794-776-7 | ||
| 080 | |a FOL-2-17 | ||
| 100 | 1 | |a Salvat-Papasseit, Joan, |d 1894-1924 |9 28879 | |
| 245 | |a Flors / fotografies de Kim Castells ; Poesies completes de Joan Salvat - Papasseit | ||
| 260 | |a Barcelona : |b Diputació de Barcelona , Dl. 2001 | ||
| 300 | |a 281 p. : |b il. col. ; |c 30,2 x 27,4 cm | ||
| 490 | |a Llibres d'abril | ||
| 650 | |a Flors |x Fotografies |9 37594 | ||
| 700 | |a Castells, Kim, |d 1947- |9 37595 | ||
| 710 | 1 | |a Barcelona (Catalunya : Província). |b Diputació |9 52408 | |
| 901 | |a Arxiu | ||
| 942 | |n 1 | ||
| 952 | |0 0 |1 0 |4 0 |6 FOL217 |7 1 |9 47943 |a Arxiu |b Arxiu |d 2016-12-01 |l 0 |o FOL-2-17 |p 13215 |r 2016-12-01 00:00:00 |w 2016-12-01 |y ARXIU | ||
| 999 | |c 51743 |d 51743 | ||